Guess the kpop idol pt3 - Statistics

General Stats
  • This quiz has been taken 211 times
  • The average score is 18 of 32
Answer Stats
Picture Answer % Correct
Hyunjin
93%
Jennie
91%
Jimin
91%
Yeji
88%
Yunjin
84%
Kai
83%
Danielle
82%
Giselle
76%
Jungwon
74%
Soobbin
71%
Mina
70%
Julie
65%
Mingyu
61%
Liz
60%
Seonghwa
56%
Taemin
55%
Chuu
54%
Haewon
53%
Hoshi
53%
Taeyeon
53%
Wendy
52%
Jaehyun
50%
Asa
43%
Hanbin
31%
Jiung
30%
Renjun
28%
Sunmi
27%
Anton
25%
Haruto
22%
Minne
22%
Juyeon
20%
Taesan
20%
No matching quizzes found
Score Distribution
Percent of People with Each Score
Percentile by Number Answered
Your Score History
You have not taken this quiz